|
|
|
|
| LEADER |
00949nam a2200253 u 4500 |
| 001 |
10020639 |
| 003 |
upatras |
| 005 |
20210117205447.0 |
| 008 |
990302s1998 uk eng |
| 020 |
|
|
|a 1857881680
|
| 040 |
|
|
|a GR-PaULI
|c GR-PaULI
|
| 041 |
0 |
|
|a eng
|
| 100 |
1 |
|
|a Koch, Richard
|d 1921-
|9 45310
|
| 245 |
1 |
0 |
|a The 80/20 principle
|b the secret of achieving more with less
|c Richard Koch
|
| 260 |
|
|
|a London
|b Nicholas Brealey Publishing
|c 1998
|
| 300 |
|
|
|a x, 302 p.
|b fig.
|c 23 cm.
|
| 504 |
|
|
|a Includes notes, references and index
|
| 650 |
|
4 |
|a Διοίκηση και οργάνωση
|9 53
|
| 650 |
|
4 |
|a Διοίκηση και οργάνωση
|9 53
|
| 852 |
|
|
|a GR-PaULI
|b ΠΑΤΡΑ
|b ΙΑΤΡΙΚΗ
|k ΑΣΧΞ-10
|m 4199
|p 025000004196
|t 1
|
| 942 |
|
|
|2 ddc
|c BK15
|
| 952 |
|
|
|0 0
|1 0
|4 0
|7 0
|9 180555
|a MEDI
|b MEDI
|d 2016-04-24
|i 4199
|l 0
|p 025000004196
|r 2016-04-24 00:00:00
|t 1
|w 2016-04-24
|y BK15
|
| 998 |
|
|
|c ΚΟΤΡΟΛΟΥ
|d 2002-05
|
| 999 |
|
|
|c 111642
|d 111642
|